000 00642nam a2200205 i 4500
001 36147
003 ES-MaACL
005 20230906155319.0
007 t|
008 030217s1932 fr ||||1| fre d
100 1 _aBrian-Chaninov, Nicolas.
_931669
245 1 0 _aCatherine II, Impératrice de Russie (1729-1796) /
_cNicolas Brian-Chaninov.
260 _aParis :
_bPayot,
_c1932 (
_fMayenne-Floch)
300 _a278 p., 8 lám. ;
_c23 cm.
490 1 _aBibliothéque historique
600 0 4 _aCatalina
_bII
_cEmperatriz de Rusia.
_937041
830 0 _aBibliothéque historique
_9180899
852 _aES-MaACL
_jA-1970
999 _c36147
_d36147